| 000 | 00549nam a22002057a 4500 | ||
|---|---|---|---|
| 003 | OSt | ||
| 005 | 20140310182939.0 | ||
| 008 | 130202t xxu||||| |||| 00| 0 eng d | ||
| 020 | _a9712713970 | ||
| 050 |
_aPN6071 _b.L473 2003 |
||
| 082 |
_aFIL808.8083 _b.L49 2003 |
||
| 245 |
_aLife on the cusp / _cLedesma, Rita and Loinaz, Mert J. |
||
| 260 |
_aPasig City : _bAnvil Publishing, Inc. _c2003 |
||
| 300 |
_a257 p. _c24 cm. |
||
| 521 | _acollege students | ||
| 526 | _c1210L-1700L | ||
| 541 | _j1 | ||
| 562 | _e1 | ||
| 942 |
_2lcc _cBK _kFIL |
||
| 999 |
_c17680 _d17680 |
||